00909nam a2200205 a 450000100100000000500170001000800410002704000250006808200150009311001400010824500250024826000460027330000280031949000460034783000530039304900090044695201130045595201180056899900170068600001678720240304105159.0100310s1999 dr 000 0 spa d aDO-SdBNPbspacBNPHU axxxbR426n aRepública DominicanabSecretaría de Estado de Salud Pública y Asistencia SocialbConsejo Nacional de Población y Familia95477810aNiños y violencia. aSanto Domingo :bCONAPOFAbUNICEF,c1999. a102 P. :bil. ;c22 cm.1 aCuadernos de Población y Familiavno. 5 0aCuadernos de Población y Familianno. 5937202 aBNPD 0010718PDaPDbPDcCTd2010-03-10iLF1l0oxxx R426np16787-10r2020-06-25w2020-06-25yLFPDZNo se presta 0010718PDaPDbPDcCTd2010-03-10iLF1l0oxxx R426np16787-20r2020-06-25te.2w2020-06-25yLFPDZNo se presta c16319d16319